000 00880nam a22002297a 4500
005 20240828071055.0
008 240828t ||||| |||| 00| 0 spa d
020 _a9788429020526
040 _aCO-BoUCM
_cDavid Moreno
_dDavid Moreno
041 _aspa
100 1 _aRodríguez Ten, Javier
_9136054
245 1 4 _aLos e-sport como ¿deporte?
_banálisis jurídico y técnico-deportivo de su naturaleza y los requisitos legales exigidos
_cJavier Rodríguez Ten
250 _a1a Ed.
260 _aMadrid, España
_bReus Editorial
_c2018
300 _a151 Paginas
650 1 4 _aVideojuegos
_xGaming competitivo
_9182294
650 1 4 _aCompetencia digital
_xEsports
_9182295
650 1 4 _aLey
_xDeportes electrónicos
_9182296
650 1 4 _aTorneos de videojuegos
_xCultura gamer
_9182297
942 _2DEWEY
_a11
_cLIBRO
_e1
_h794.8
_mR696e
_n0
999 _c324603
_d324603